Normal view MARC view
  • England och Ryssland

Entry Topical Term

Number of records used in: 2

001 - CONTROL NUMBER

  • control field: 1509

003 - CONTROL NUMBER IDENTIFIER

  • control field: NUST

005 - DATE AND TIME OF LATEST TRANSACTION

  • control field: 20170529123012.0

008 - FIXED-LENGTH DATA ELEMENTS

  • fixed length control field: 170529|| aca||aabn | a|a d

040 ## - CATALOGING SOURCE

  • Original cataloging agency: NUST
  • Transcribing agency: NUST

150 ## - HEADING--TOPICAL TERM

  • Topical term or geographic name entry element: England och Ryssland

670 ## - SOURCE DATA FOUND

  • Source citation: Work cat.: (NUST)24267: Hopkirk, Peter 1507, The great game: , c1991
© 2023 Central Library, National University of Sciences and Technology. All Rights Reserved.